El poder de la imagen /

Contiene: El poder de la imagen; conocimiento, emoción y otras dimensiones ineludibles de la experiencia humana; construyendo comunicaciones, ambiente y estrategias comunicacionales. Incluye bibliografía.

Guardado en:
Detalles Bibliográficos
Autor principal: Frascara, Jorge (autor)
Formato: Libro
Idioma:Español
Publicado: Buenos Aires, Argentina : Infinito, 1999, c1999
Colección:(Biblioteca de Diseño)
Temas:
Etiquetas: Agrega una etiqueta
Sin etiquetas, Sé el primero en etiquetar este registro!

MARC

LEADER 00000nam^a2200000^a^4500
001 000136384
005 20250521000000.0
009 20260310095315.834
020 |a 987-9393-01-5 
037 |a Acervo ITESO - Biblioteca 
041 |a ESP 
082 |a 770. 1  |b FRA 
100 |a Frascara, Jorge  |e (autor) 
245 1 3 |a El poder de la imagen /  |c J. Frascara. 
264 4 |a Buenos Aires, Argentina :  |b Infinito,  |c 1999, c1999 
300 |a 119 p. 
336 |a texto  |b txt  |2 rdacontenido 
337 |a sin mediación  |b n  |2 rdamedio 
338 |a volumen  |b nc  |2 rdasoporte 
440 1 |a (Biblioteca de Diseño) 
520 |a Contiene: El poder de la imagen; conocimiento, emoción y otras dimensiones ineludibles de la experiencia humana; construyendo comunicaciones, ambiente y estrategias comunicacionales. Incluye bibliografía. 
649 |a XX 
650 |a Mujeres -  |x Condiciones Sociales y Culturales 
650 |a Imaginario Social 
650 |a Fotografía -  |x Teoría 
650 |a Prensa 
650 |a Medios de Comunicación 
650 |a Diseño Editorial 
650 |a Diseño Gráfico 
650 |a Diseño Industrial 
650 |a Comunicación Visual 
650 |a Creencias 
650 |a Estereotipo 
650 |a Significado 
650 |a Percepción 
650 |a Cohesión Social 
650 |a Cultura Urbana 
650 |a Cultura de Masas 
650 |a Violencia 
650 |a Espacio 
650 |a Diseño Urbano 
650 |a Arquitectura 
650 |a Sociología de la Cultura 
650 |a Psicología Social 
650 |a Semiótica y Sociedad 
910 |a Fondo General 
920 |a Impresos - Libros 
930 |a Colección General 
905 |a 101 
901 |a 0500131061  |b IT1  |c ACC  |u 20250521 
902 |a https://opac.biblio.iteso.mx/vufind/Record/000136384